[Event "8. Lovsprings EMT Basis 1 1996"]
[Site "Ringsted"]
[Date "1996.03.08"]
[Round "1"]
[White "Elholm, Tommy"]
[Black "Sorensen, Lindved"]
[Result "0-1"]
[WhiteElo "1680"]
[BlackElo "1662"]
[PlyCount "67"]
[EventDate "1996.??.??"]

1. d4 Nf6 2. c4 c5 3. d5 e6 4. Nc3 exd5 5. cxd5 d6 6. e4 g6 7. Bd3 Bg7 8. Bg5
O-O 9. Qc2 a6 10. a4 Qa5 11. Bd2 Re8 12. Nge2 Qc7 13. Ng3 Nbd7 14. O-O Ne5 15.
Be2 c4 16. Rac1 Bd7 17. h3 b5 18. f4 Qb6+ 19. Kh1 Nd3 20. Bxd3 cxd3 21. Qxd3
bxa4 22. e5 dxe5 23. fxe5 Nh5 24. Nxh5 gxh5 25. e6 fxe6 26. Qg3 Qxb2 27. Ne4
Re7 28. Bc3 Qb8 29. d6 Bb5 30. Be5 Bxf1 31. Rxf1 Qb5 32. Nf6+ Kh8 33. Qf3 Rea7
34. Rc1 0-1

[Event "8. Lovsprings EMT Basis 1 1996"]
[Site "Ringsted"]
[Date "1996.03.08"]
[Round "1"]
[White "Haar, Bjarne"]
[Black "Pondal, Jesper"]
[Result "1/2-1/2"]
[WhiteElo "1870"]
[BlackElo "1679"]
[PlyCount "64"]
[EventDate "1996.??.??"]

1. e4 c5 2. Nf3 d6 3. d4 cxd4 4. Nxd4 Nf6 5. Nc3 a6 6. Bg5 e6 7. f4 Be7 8. Qd2
Qc7 9. f5 Nc6 10. fxe6 Bxe6 11. Nf5 Bxf5 12. exf5 Qa5 13. Bd3 O-O-O 14. O-O-O
h6 15. Bh4 d5 16. a3 d4 17. Nb1 Qb6 18. Qf2 Ng4 19. Qg3 Bxh4 20. Qxh4 Ne3 21.
Rd2 f6 22. Qg3 Rd7 23. Re2 Ne5 24. Nd2 Qc7 25. Kb1 Nxd3 26. Qxc7+ Kxc7 27. cxd3
Nxf5 28. Rc1+ Kb8 29. Re4 Ne7 30. Nb3 Nc6 31. Nc5 Rd6 32. g4 Rhd8 1/2-1/2

[Event "8. Lovsprings EMT Basis 1 1996"]
[Site "Ringsted"]
[Date "1996.03.08"]
[Round "1"]
[White "Holst, Peter Stein"]
[Black "Jensen, Karsten"]
[Result "1-0"]
[WhiteElo "1800"]
[BlackElo "1803"]
[PlyCount "183"]
[EventDate "1996.??.??"]

1. e4 c5 2. Nf3 Nc6 3. d4 cxd4 4. Nxd4 Nf6 5. Nc3 e5 6. Ndb5 d6 7. Bg5 a6 8.
Na3 b5 9. Bxf6 gxf6 10. Nd5 f5 11. g3 fxe4 12. Bg2 Bf5 13. f3 exf3 14. Qxf3 Nd4
15. Nf6+ Ke7 16. Nd5+ Kd7 17. Nf6+ Ke6 18. Qd5+ Kxf6 19. c3 Be6 20. Qxa8 Qxa8
21. Bxa8 Nf5 22. Rf1 Kg7 23. Bb7 Ne3 24. Rf3 Bd5 25. Bxd5 Nxd5 26. O-O-O Nf6
27. Rdf1 Be7 28. g4 Rf8 29. Nc2 Nd5 30. Rd1 Nc7 31. Ne3 Rd8 32. Nf5+ Kf8 33.
Rh3 Bg5+ 34. Kc2 Kg8 35. Rxd6 Rxd6 36. Nxd6 Nd5 37. Rf3 Bf4 38. h3 Kf8 39. b3
Ke7 40. Ne4 h6 41. a3 Ne3+ 42. Kd3 Nd5 43. c4 bxc4+ 44. Kxc4 Ne3+ 45. Kc5 Nc2
46. Kb6 Nxa3 47. Kxa6 Nc2 48. Rc3 Nb4+ 49. Ka5 Nd5 50. Rd3 Ke6 51. b4 Be3 52.
Kb5 Bd4 53. Kc4 Nb6+ 54. Kb3 Nd5 55. Rf3 f6 56. Ka4 Bb6 57. Kb5 Bd4 58. Ka5
Bb6+ 59. Ka6 Bd8 60. Kb5 Be7 61. Nc5+ Kf7 62. Ra3 e4 63. Kc4 Nb6+ 64. Kd4 Ke8
65. Kxe4 Kd8 66. Rd3+ Kc8 67. Rd1 Kc7 68. Kf5 Kc6 69. Re1 Nd5 70. Rxe7 Nxe7+
71. Kxf6 Nd5+ 72. Kg6 Nf4+ 73. Kxh6 Nxh3 74. g5 Nxg5 75. Kxg5 Kb5 76. Nd3 Kc4
77. Kf5 Kb5 78. Ke5 Kc6 79. Kd4 Kb5 80. Kc3 Kb6 81. Kc4 Kc6 82. b5+ Kb6 83. Nb4
Kb7 84. Kc5 Kc7 85. b6+ Kb7 86. Kb5 Kb8 87. Nc6+ Ka8 88. Nb4 Kb7 89. Nd5 Ka8
90. Ka6 Kb8 91. Nc7 Kc8 92. Ka7 1-0

[Event "8. Lovsprings EMT Basis 1 1996"]
[Site "Ringsted"]
[Date "1996.03.08"]
[Round "1"]
[White "Jorgensen, Lars"]
[Black "Eckert, Svend"]
[Result "1/2-1/2"]
[WhiteElo "1753"]
[BlackElo "1706"]
[PlyCount "91"]
[EventDate "1996.??.??"]

1. e4 c5 2. d4 cxd4 3. c3 d5 4. exd5 Qxd5 5. cxd4 Nc6 6. Nf3 e6 7. Nc3 Bb4 8.
Bd3 Nf6 9. O-O Qd8 10. Bg5 O-O 11. Ne4 Be7 12. Rc1 Nxe4 13. Bxe7 Nxf2 14. Bxd8
Nxd1 15. Bg5 Nxb2 16. Bb5 a6 17. Bxc6 bxc6 18. Rxc6 Bd7 19. Rc7 Bb5 20. Rb1 Na4
21. Be7 Rfc8 22. Rbc1 Rxc7 23. Rxc7 Nb6 24. Bc5 Nd5 25. Rb7 Nc3 26. a3 Bc6 27.
Rc7 Bxf3 28. gxf3 h6 29. Kf2 Nd5 30. Rb7 Rc8 31. Ra7 Rc6 32. Ra8+ Kh7 33. Ra7
Kg6 34. a4 e5 35. a5 exd4 36. Bxd4 Rc2+ 37. Kg3 Rc6 38. h3 f6 39. Rd7 Nc7 40.
Bb6 Na8 41. Ra7 Nxb6 42. Rxa6 Rc5 43. axb6 Rb5 44. Kg4 h5+ 45. Kg3 Kf5 46. Ra7
1/2-1/2

[Event "8. Lovsprings EMT Basis 1 1996"]
[Site "Ringsted"]
[Date "1996.03.08"]
[Round "1"]
[White "Larsen, Vagn"]
[Black "Flindt, Thomas"]
[Result "0-1"]
[WhiteElo "1690"]
[BlackElo "1875"]
[PlyCount "164"]
[EventDate "1996.??.??"]

1. d4 Nf6 2. Nf3 g6 3. c4 Bg7 4. Nc3 d5 5. e3 O-O 6. Be2 c6 7. O-O Bg4 8. Ne5
Bxe2 9. Qxe2 Nbd7 10. Nxd7 Qxd7 11. b3 c5 12. Bb2 cxd4 13. exd4 e6 14. c5 Rfc8
15. b4 b6 16. a4 bxc5 17. bxc5 Rab8 18. Ba3 Ne4 19. Nxe4 dxe4 20. Qxe4 Qxd4 21.
Qc2 Qc3 22. Qxc3 Bxc3 23. Rab1 Kg7 24. Rfc1 Bd2 25. Rd1 Bg5 26. Bb2+ Bf6 27.
Bxf6+ Kxf6 28. Rxb8 Rxb8 29. Kf1 Rc8 30. Rc1 Rc7 31. a5 Ke5 32. a6 Kd5 33. Rb1
Kxc5 34. Rb7 Kc6 35. Rb8 h5 36. h4 Kd7 37. g3 Kd6 38. Kg2 e5 39. Rd8+ Ke6 40.
Rb8 Rc6 41. f3 Rxa6 42. g4 hxg4 43. fxg4 Ra3 44. Rc8 Kf6 45. Rc6+ Kg7 46. Rc5
e4 47. Re5 e3 48. Kf3 a5 49. Re4 f5 50. gxf5 gxf5 51. Re6 Kf7 52. Rb6 a4 53.
Ra6 f4 54. h5 Ra2 55. Ra7+ Ke6 56. Kxf4 e2 57. Ra6+ Kd5 58. Ra5+ Kd4 59. Re5
Kd3 60. Kf3 a3 61. Re3+ Kc4 62. Re4+ Kd5 63. h6 e1=Q 64. Rxe1 Rh2 65. Rd1+ Kc4
66. Rd6 a2 67. Ra6 Kb3 68. Kg4 Rxh6 69. Rxh6 a1=Q 70. Rb6+ Kc4 71. Rg6 Kd4 72.
Kf5 Qa5+ 73. Kf6 Qe5+ 74. Kf7 Qc7+ 75. Kf6 Qd6+ 76. Kf7 Qd7+ 77. Kf6 Ke4 78.
Kg5 Ke5 79. Kh6 Qe7 80. Rg5+ Kf6 81. Rg6+ Kf5 82. Kh5 Qf7 0-1

[Event "8. Lovsprings EMT Basis 1 1996"]
[Site "Ringsted"]
[Date "1996.03.08"]
[Round "1"]
[White "Olsen, Morten Henrik"]
[Black "Christensen, Henrik"]
[Result "0-1"]
[WhiteElo "1765"]
[BlackElo "1840"]
[PlyCount "118"]
[EventDate "1996.??.??"]

1. e4 d5 2. exd5 Qxd5 3. Qf3 Nf6 4. Nc3 Qxf3 5. Nxf3 c6 6. Bc4 Bf5 7. Ne5 e6 8.
d3 Nbd7 9. Nxd7 Nxd7 10. Be3 Bc5 11. Bxc5 Nxc5 12. b4 Nd7 13. a4 Nb6 14. Bb3
Nd5 15. Bxd5 cxd5 16. Kd2 Kd7 17. Rhe1 g5 18. Re5 f6 19. Re2 h5 20. Rae1 Rhe8
21. Nb5 e5 22. f3 a6 23. Nc3 Kd6 24. Rb1 Bd7 25. Rbe1 Rac8 26. Ra1 Rc7 27. Nd1
Rec8 28. Kc1 g4 29. Kb2 Rg8 30. Ne3 gxf3 31. gxf3 Rcc8 32. c4 d4 33. c5+ Kc6
34. Nc4 h4 35. Rc1 Bf5 36. Rd2 Rcd8 37. Nd6 Be6 38. b5+ axb5 39. axb5+ Kc7 40.
Ra1 Ra8 41. Ne4 Rxa1 42. Kxa1 f5 43. Nd6 b6 44. Nc4 Bxc4 45. cxb6+ Kxb6 46.
dxc4 h3 47. Kb2 Kc5 48. Kb3 e4 49. Ra2 Rg6 50. fxe4 fxe4 51. Rf2 e3 52. Rf5+
Kb6 53. Kb4 Re6 54. c5+ Kc7 55. Rf7+ Kd8 56. Rf1 d3 57. Kc3 d2 58. Rd1 e2 59.
Rxd2+ Kc8 0-1

[Event "8. Lovsprings EMT Basis 1 1996"]
[Site "Ringsted"]
[Date "1996.03.15"]
[Round "2"]
[White "Christensen, Henrik"]
[Black "Holst, Peter Stein"]
[Result "1-0"]
[WhiteElo "1840"]
[BlackElo "1800"]
[PlyCount "103"]
[EventDate "1996.??.??"]

1. d4 d5 2. c4 c6 3. e3 Nf6 4. Nc3 e6 5. Nf3 Nbd7 6. Qc2 Bd6 7. Bd3 dxc4 8.
Bxc4 b5 9. Be2 Bb7 10. Bd2 a6 11. Ng5 c5 12. Nce4 Nxe4 13. Nxe4 Bxe4 14. Qxe4
O-O 15. Bf3 Rb8 16. Rc1 cxd4 17. exd4 Nf6 18. Qd3 Rc8 19. O-O Rxc1 20. Rxc1 Qb8
21. Rc6 Bxh2+ 22. Kh1 Bf4 23. Rxa6 Rc8 24. Ra8 Qxa8 25. Bxa8 Bxd2 26. Qxd2 Rxa8
27. a3 Nd5 28. Qc2 Rb8 29. Qc5 g6 30. g3 Rb6 31. b3 Rb8 32. a4 bxa4 33. bxa4
Rb1+ 34. Kh2 Kg7 35. a5 Ra1 36. Qb5 Kh6 37. Qb2 Ra4 38. Qb5 Ra1 39. Qd3 Kg7 40.
Qb5 Kh6 41. f4 Ra2+ 42. Kh3 f5 43. a6 Nf6 44. g4 fxg4+ 45. Kg3 Ra3+ 46. Kg2
Ra2+ 47. Kf1 Ra1+ 48. Ke2 Nd5 49. Qc6 Nxf4+ 50. Ke3 Nd5+ 51. Kf2 Ra3 52. Qc1+
1-0

[Event "8. Lovsprings EMT Basis 1 1996"]
[Site "Ringsted"]
[Date "1996.03.15"]
[Round "2"]
[White "Christensen, Jorgen"]
[Black "Jorgensen, Lars"]
[Result "0-1"]
[WhiteElo "1707"]
[BlackElo "1753"]
[PlyCount "42"]
[EventDate "1996.??.??"]

1. d4 d5 2. c4 e5 3. dxe5 d4 4. Nf3 Nc6 5. a3 Nge7 6. e3 Bg4 7. Be2 dxe3 8.
Qxd8+ Rxd8 9. Bxe3 Bxf3 10. Bxf3 Nxe5 11. Be2 Nd3+ 12. Bxd3 Rxd3 13. Nd2 Nf5
14. Ke2 Rd7 15. b4 Nxe3 16. Kxe3 Be7 17. Nf3 O-O 18. Rhd1 Rfd8 19. Rxd7 Rxd7
20. g3 Rd6 21. Nd4 Rxd4 0-1

[Event "8. Lovsprings EMT Basis 1 1996"]
[Site "Ringsted"]
[Date "1996.03.15"]
[Round "2"]
[White "Eckert, Svend"]
[Black "Haar, Bjarne"]
[Result "1/2-1/2"]
[WhiteElo "1706"]
[BlackElo "1870"]
[PlyCount "131"]
[EventDate "1996.??.??"]

1. f4 Nf6 2. b3 d5 3. Bb2 c5 4. e3 Nc6 5. Nf3 Bg4 6. Be2 e6 7. O-O Be7 8. h3
Bh5 9. g4 Bg6 10. d3 h6 11. Ne5 Nxe5 12. Bxe5 a6 13. Nd2 b5 14. Bf3 Qb6 15. Kg2
Rd8 16. h4 Rg8 17. g5 Nd7 18. Bb2 Bh7 19. e4 d4 20. Bg4 e5 21. Bxd7+ Rxd7 22.
Qg4 exf4 23. Qxf4 Qe6 24. Rae1 hxg5 25. hxg5 Bd6 26. e5 Bc7 27. Nf3 Bg6 28. Rh1
Kd8 29. Nh4 Kc8 30. Nxg6 Qxg6 31. Qg3 Re8 32. Bc1 Qc6+ 33. Kf2 Rde7 34. Bf4 Qd5
35. Re4 f6 36. gxf6 gxf6 37. Rhe1 f5 38. R4e2 Rg8 39. Qf3 Qe6 40. Qa8+ Kd7 41.
Qf3 Reg7 42. Rf1 Rg4 43. Ke1 Ba5+ 44. Kd1 Rg1 45. Ref2 Qc6 46. Qh5 Qg6 47. Qxg6
R8xg6 48. Ke2 Ke6 49. Bh2 Rxf1 50. Kxf1 Bc7 51. Re2 Rg8 52. Kf2 Rd8 53. Kf3 Rd5
54. Rg2 Bxe5 55. Bxe5 Kxe5 56. Rg8 Rd6 57. Rc8 Rd5 58. Rc6 a5 59. Ra6 c4 60.
Rxa5 cxb3 61. cxb3 b4 62. Ra4 Rb5 63. Ra8 Rc5 64. Re8+ Kd6 65. Kf4 Rc3 66. Kxf5
1/2-1/2

[Event "8. Lovsprings EMT Basis 1 1996"]
[Site "Ringsted"]
[Date "1996.03.15"]
[Round "2"]
[White "Jensen, Karsten"]
[Black "Elholm, Tommy"]
[Result "1/2-1/2"]
[WhiteElo "1803"]
[BlackElo "1680"]
[PlyCount "47"]
[EventDate "1996.??.??"]

1. Nf3 Nf6 2. g3 d5 3. c4 c6 4. cxd5 cxd5 5. Bg2 e6 6. b3 Be7 7. Bb2 Nbd7 8.
O-O O-O 9. d4 b5 10. Nbd2 Bb7 11. Rc1 Qb6 12. Qc2 Rac8 13. Qb1 a5 14. Ne5 Nxe5
15. dxe5 Rxc1 16. Qxc1 Rc8 17. Qd1 Nd7 18. Nf3 Nf8 19. Nd4 Ba6 20. f4 Bb4 21.
Rf3 Bc5 22. Bf1 b4 23. e3 Bxf1 24. Rxf1 1/2-1/2

[Event "8. Lovsprings EMT Basis 1 1996"]
[Site "Ringsted"]
[Date "1996.03.15"]
[Round "2"]
[White "Larsen, Vagn"]
[Black "Olsen, Morten Henrik"]
[Result "1/2-1/2"]
[WhiteElo "1690"]
[BlackElo "1765"]
[PlyCount "71"]
[EventDate "1996.??.??"]

1. d4 Nf6 2. Nf3 e6 3. e3 b6 4. g3 Bb7 5. Bg2 Be7 6. O-O h5 7. Nbd2 Ne4 8. Nxe4
Bxe4 9. Ne5 Bxg2 10. Kxg2 Nc6 11. Nxc6 dxc6 12. h3 Qd5+ 13. Qf3 O-O-O 14. b3 g5
15. Bb2 g4 16. hxg4 hxg4 17. Qxd5 cxd5 18. Rh1 b5 19. Rxh8 Rxh8 20. Rh1 Rxh1
21. Kxh1 b4 22. Kg1 Kb7 23. Kf1 Bd6 24. Ke2 Kb6 25. Kd3 Kb5 26. c3 bxc3 27.
Bxc3 Ba3 28. Kc2 a5 29. Bb2 Bxb2 30. Kxb2 c5 31. dxc5 Kxc5 32. Kc3 e5 33. a3
Kb5 34. Kd3 Kc5 35. Ke2 Kb5 36. Kd3 1/2-1/2

[Event "8. Lovsprings EMT Basis 1 1996"]
[Site "Ringsted"]
[Date "1996.03.15"]
[Round "2"]
[White "Pondal, Jesper"]
[Black "Flindt, Thomas"]
[Result "1-0"]
[WhiteElo "1679"]
[BlackElo "1875"]
[PlyCount "81"]
[EventDate "1996.??.??"]

1. d4 Nf6 2. Bg5 d5 3. Bxf6 exf6 4. e3 Bd6 5. c4 O-O 6. Nc3 Bb4 7. Qb3 Bxc3+ 8.
bxc3 dxc4 9. Bxc4 Nc6 10. Qc2 f5 11. Ne2 Qf6 12. O-O Be6 13. Bd3 h5 14. Nf4 g6
15. d5 Ne5 16. dxe6 fxe6 17. Be2 h4 18. Qb3 Kf7 19. Qxb7 Rae8 20. Qxc7+ Re7 21.
Qa5 g5 22. Nd3 Nc4 23. Qb4 Ne5 24. Rfc1 Rd7 25. Nc5 Rdd8 26. Rc2 g4 27. Rac1
Rg8 28. c4 Nf3+ 29. Bxf3 gxf3 30. Qb7+ Ke8 31. Qxf3 Qe5 32. Nb3 Qd6 33. Rd2 Qc7
34. Qh5+ Kf8 35. Qh6+ Kf7 36. Qh5+ Kf8 37. Rxd8+ Qxd8 38. Rd1 Qf6 39. Qf3 Rg4
40. c5 Qg6 41. c6 1-0

[Event "8. Lovsprings EMT Basis 1 1996"]
[Site "Ringsted"]
[Date "1996.03.15"]
[Round "2"]
[White "Sorensen, Lindved"]
[Black "Schmidt, Torben"]
[Result "0-1"]
[WhiteElo "1662"]
[BlackElo "1663"]
[PlyCount "92"]
[EventDate "1996.??.??"]

1. Nf3 Nf6 2. b3 g6 3. Bb2 d6 4. g3 Bg7 5. Bg2 O-O 6. O-O e5 7. d3 c6 8. Nbd2
Nh5 9. c4 Qe7 10. Rc1 f5 11. Ba3 a5 12. e3 Na6 13. Ne1 Nb4 14. Bxb4 axb4 15.
Qc2 g5 16. c5 d5 17. e4 Nf6 18. Nef3 g4 19. Nh4 f4 20. f3 Be6 21. exd5 Nxd5 22.
Rfe1 Nc3 23. a4 Qxc5+ 24. Kh1 fxg3 25. hxg3 Rad8 26. Ne4 Nxe4 27. Rxe4 Qxc2 28.
Rxc2 Bxb3 29. Rb2 Rxd3 30. Rxg4 c5 31. Re2 Be6 32. Rg5 h6 33. Rg6 Rf6 34. Kh2
Kf7 35. Rxe5 Rxg6 36. Nxg6 Bd5 37. Nf4 Bxe5 38. Nxd3 Bd4 39. f4 Bc4 40. Be4 b6
41. Ne1 Ke7 42. Kg2 b3 43. Kf3 Bf7 44. Ng2 b2 45. Ne3 Bxe3 46. Kxe3 Ba2 0-1

[Event "8. Lovsprings EMT Basis 1 1996"]
[Site "Ringsted"]
[Date "1996.03.22"]
[Round "3"]
[White "Christensen, Henrik"]
[Black "Schmidt, Torben"]
[Result "1-0"]
[WhiteElo "1840"]
[BlackElo "1663"]
[PlyCount "71"]
[EventDate "1996.??.??"]

1. d4 Nf6 2. c4 g6 3. Nc3 Bg7 4. e4 d6 5. Bd3 O-O 6. f4 e5 7. Nf3 Nc6 8. fxe5
dxe5 9. d5 Ne7 10. Qb3 Nh5 11. Be3 Kh8 12. O-O-O f5 13. Rhg1 fxe4 14. Nxe4 Nf4
15. Bc2 Nf5 16. Bc5 Nd6 17. Bxd6 cxd6 18. Rd2 b6 19. Rf1 Bf5 20. h4 Rc8 21. g3
Nh5 22. Nfg5 Bxe4 23. Rxf8+ Qxf8 24. Nxe4 Bh6 25. Ng5 Qf1+ 26. Bd1 Bxg5 27.
hxg5 Qg1 28. Qb5 Nxg3 29. Qd7 Rxc4+ 30. Kb1 Nf5 31. Qf7 Rc8 32. Qe6 Rf8 33. a3
Qxg5 34. Rc2 Nd4 35. Qxd6 Qf5 36. Qe7 1-0

[Event "8. Lovsprings EMT Basis 1 1996"]
[Site "Ringsted"]
[Date "1996.03.22"]
[Round "3"]
[White "Elholm, Tommy"]
[Black "Eckert, Svend"]
[Result "0-1"]
[WhiteElo "1680"]
[BlackElo "1706"]
[PlyCount "52"]
[EventDate "1996.??.??"]

1. d4 Nf6 2. c4 e5 3. dxe5 Ne4 4. Nf3 Nc6 5. a3 d6 6. exd6 Bxd6 7. Nbd2 Bf5 8.
Nxe4 Bxe4 9. e3 O-O 10. Be2 Qe7 11. O-O Rad8 12. Qb3 Na5 13. Qa4 b6 14. Rd1 Nb7
15. Rd2 a5 16. Qd1 Nc5 17. g3 a4 18. Nd4 Be5 19. Ra2 Bxd4 20. Rxd4 Nb3 21. Bd2
c5 22. f3 Bb1 23. Ra1 cxd4 24. Rxb1 dxe3 25. Bb4 Rxd1+ 26. Rxd1 Nc5 0-1

[Event "8. Lovsprings EMT Basis 1 1996"]
[Site "Ringsted"]
[Date "1996.03.22"]
[Round "3"]
[White "Flindt, Thomas"]
[Black "Haar, Bjarne"]
[Result "1-0"]
[WhiteElo "1875"]
[BlackElo "1870"]
[PlyCount "95"]
[EventDate "1996.??.??"]

1. e4 d6 2. d4 Nf6 3. Bd3 g6 4. Nf3 Bg7 5. Bg5 c5 6. c3 Bg4 7. Qa4+ Nbd7 8.
Nbd2 O-O 9. h3 Nb6 10. Qc2 Bd7 11. e5 dxe5 12. dxc5 Na4 13. Nxe5 Nxc5 14. Nxd7
Qxd7 15. Be2 Qd5 16. Nf3 Ne6 17. Be3 b6 18. O-O Rad8 19. Rfd1 Qb7 20. Nd4 Nc5
21. Bf3 Nd5 22. Qe2 e5 23. Bxd5 Rxd5 24. Nb3 Nxb3 25. axb3 Rfd8 26. Rxd5 Rxd5
27. Qf3 e4 28. Qxe4 Be5 29. Qf3 Qd7 30. g3 h5 31. Rxa7 Rd1+ 32. Kh2 Rh1+ 33.
Qxh1 Qxa7 34. Qd5 Qc7 35. Bd4 Bxd4 36. Qxd4 Qc6 37. Qe3 Qb5 38. b4 Qc6 39. Qd4
Qe6 40. c4 Qc6 41. b3 Qc7 42. h4 Kf8 43. c5 b5 44. Qd5 Ke8 45. c6 Qa7 46. Kg2
Qe7 47. Qxb5 Qe4+ 48. Kh2 1-0

[Event "8. Lovsprings EMT Basis 1 1996"]
[Site "Ringsted"]
[Date "1996.03.22"]
[Round "3"]
[White "Holst, Peter Stein"]
[Black "Sorensen, Lindved"]
[Result "1/2-1/2"]
[WhiteElo "1800"]
[BlackElo "1662"]
[PlyCount "53"]
[EventDate "1996.??.??"]

1. e4 d5 2. Nc3 d4 3. Nce2 e5 4. Ng3 Nf6 5. Bc4 Bd7 6. d3 b5 7. Bb3 Bb4+ 8. Bd2
Qe7 9. a3 Bd6 10. N1e2 O-O 11. O-O a5 12. h3 c5 13. a4 b4 14. f4 Be6 15. Bxe6
Qxe6 16. f5 Qc8 17. b3 Nbd7 18. Kh1 Be7 19. Ng1 h6 20. Nh5 Ra6 21. Nxf6+ Nxf6
22. Nf3 Qc7 23. Nh2 Nh7 24. Qg4 Nf6 25. Qe2 Nh7 26. Qg4 Nf6 27. Qe2 1/2-1/2

[Event "8. Lovsprings EMT Basis 1 1996"]
[Site "Ringsted"]
[Date "1996.03.22"]
[Round "3"]
[White "Jorgensen, Lars"]
[Black "Pondal, Jesper"]
[Result "1-0"]
[WhiteElo "1753"]
[BlackElo "1679"]
[PlyCount "47"]
[EventDate "1996.??.??"]

1. e4 c5 2. Nf3 d6 3. d4 cxd4 4. c3 dxc3 5. Nxc3 Nc6 6. Bc4 e6 7. O-O Be7 8.
Qe2 a6 9. Rd1 Qc7 10. a3 Nf6 11. Bg5 O-O 12. Rac1 Rd8 13. b4 Qb8 14. b5 axb5
15. Nxb5 Na5 16. Ba2 Bd7 17. Nc7 Ra7 18. e5 dxe5 19. Nxe5 Bxa3 20. Bxf6 gxf6
21. Qg4+ Kf8 22. Nxd7+ Rxd7 23. Rxd7 Nc6 24. Bxe6 1-0

[Event "8. Lovsprings EMT Basis 1 1996"]
[Site "Ringsted"]
[Date "1996.03.22"]
[Round "3"]
[White "Olsen, Morten Henrik"]
[Black "Jensen, Karsten"]
[Result "1/2-1/2"]
[WhiteElo "1765"]
[BlackElo "1803"]
[PlyCount "80"]
[EventDate "1996.??.??"]

1. e4 c5 2. Nf3 Nc6 3. d4 cxd4 4. Nxd4 Nf6 5. Nc3 e5 6. Ndb5 d6 7. Bg5 a6 8.
Na3 b5 9. Bxf6 gxf6 10. Nd5 Bg7 11. c4 bxc4 12. Nxc4 O-O 13. Ndb6 Rb8 14. Nxc8
Rxc8 15. Nxd6 Qa5+ 16. Qd2 Qxd2+ 17. Kxd2 Rcd8 18. Bxa6 Rxd6+ 19. Kc3 Nd4 20.
Bc4 Rc8 21. b3 Rb6 22. h4 Bf8 23. Rh3 Kh8 24. Kd3 Rc7 25. Rg3 Ra7 26. Rc1 Ba3
27. Rh1 Rb8 28. h5 Rg8 29. Rhh3 h6 30. Rxg8+ Kxg8 31. f4 Nc6 32. fxe5 Nb4+ 33.
Ke2 fxe5 34. Rg3+ Kf8 35. Rf3 Nxa2 36. Rf5 Bb2 37. g4 Rd7 38. g5 hxg5 39. Rxg5
Nc3+ 40. Kf3 Bc1 1/2-1/2

[Event "8. Lovsprings EMT Basis 1 1996"]
[Site "Ringsted"]
[Date "1996.03.29"]
[Round "4"]
[White "Flindt, Thomas"]
[Black "Schmidt, Torben"]
[Result "1-0"]
[WhiteElo "1875"]
[BlackElo "1663"]
[PlyCount "87"]
[EventDate "1996.??.??"]

1. e4 c5 2. Nf3 d6 3. d4 cxd4 4. Nxd4 Nf6 5. Nc3 a6 6. Bg5 e5 7. Nb3 Be7 8.
Bxf6 Bxf6 9. Bc4 O-O 10. O-O Nc6 11. a3 Be6 12. Qd3 Qc7 13. Rfd1 Rad8 14. Nd5
Bxd5 15. Bxd5 Ne7 16. c3 g6 17. Nd2 Kg7 18. Nf1 Bg5 19. Ba2 f5 20. Nd2 Bxd2 21.
Rxd2 fxe4 22. Qxe4 Rf4 23. Qc2 Qc6 24. Rad1 Rg4 25. Bd5 Nxd5 26. Rxd5 Rf8 27.
g3 Rf6 28. Qd2 Re4 29. Qd3 Rc4 30. Rxd6 Rxd6 31. Qxd6 Qxd6 32. Rxd6 Rc7 33. Re6
Kf7 34. Rxe5 Rd7 35. Re4 Kf6 36. Kf1 Kf5 37. Rb4 b5 38. a4 bxa4 39. Rxa4 Rb7
40. b4 Ke4 41. Rxa6 Rc7 42. Re6+ Kf3 43. h3 Rxc3 44. Re3+ 1-0

[Event "8. Lovsprings EMT Basis 1 1996"]
[Site "Ringsted"]
[Date "1996.03.29"]
[Round "4"]
[White "Haar, Bjarne"]
[Black "Sorensen, Lindved"]
[Result "1-0"]
[WhiteElo "1870"]
[BlackElo "1662"]
[PlyCount "75"]
[EventDate "1996.??.??"]

1. e4 d5 2. exd5 Nf6 3. Bb5+ Bd7 4. Bc4 b5 5. Bb3 c5 6. c4 a5 7. d3 b4 8. Nf3
e6 9. Qe2 Bd6 10. Ng5 O-O 11. dxe6 fxe6 12. Nxe6 Bxe6 13. Qxe6+ Kh8 14. Ba4 Ra7
15. O-O Re7 16. Qh3 Be5 17. Nd2 Bd4 18. Nf3 Re2 19. Rb1 Na6 20. Bd2 Bxf2+ 21.
Rxf2 Rxf2 22. Kxf2 Qxd3 23. Rf1 Ne4+ 24. Kg1 Nxd2 25. Nxd2 Qd4+ 26. Kh1 Rxf1+
27. Nxf1 Qd8 28. Qd7 Qf8 29. Nd2 g6 30. Qe8 Kg7 31. Qxf8+ Kxf8 32. Ne4 Ke7 33.
Bb5 Nc7 34. Nxc5 Nxb5 35. cxb5 Kd6 36. b6 Kc6 37. b7 Kc7 38. Kg1 1-0

[Event "8. Lovsprings EMT Basis 1 1996"]
[Site "Ringsted"]
[Date "1996.03.29"]
[Round "4"]
[White "Jorgensen, Lars"]
[Black "Christensen, Henrik"]
[Result "1/2-1/2"]
[WhiteElo "1753"]
[BlackElo "1840"]
[PlyCount "39"]
[EventDate "1996.??.??"]

1. d4 d5 2. c4 Nf6 3. cxd5 Nxd5 4. Nf3 e6 5. e4 Nf6 6. Nc3 c5 7. Bg5 cxd4 8.
Bb5+ Bd7 9. Nxd4 Be7 10. e5 Nd5 11. Bxe7 Qxe7 12. Nxd5 exd5 13. O-O O-O 14. Re1
Nc6 15. Nf3 Be6 16. Rc1 Rfc8 17. Qa4 Bd7 18. Qb3 a6 19. Bd3 Be6 20. Rcd1
1/2-1/2

[Event "8. Lovsprings EMT Basis 1 1996"]
[Site "Ringsted"]
[Date "1996.03.29"]
[Round "4"]
[White "Olsen, Morten Henrik"]
[Black "Holst, Peter Stein"]
[Result "1/2-1/2"]
[WhiteElo "1765"]
[BlackElo "1800"]
[PlyCount "66"]
[EventDate "1996.??.??"]

1. e4 c6 2. d4 d5 3. Nc3 dxe4 4. Nxe4 Nf6 5. Nxf6+ gxf6 6. Ne2 Bf5 7. Ng3 Bg6
8. h4 h5 9. Be2 Qa5+ 10. c3 Nd7 11. b4 Qc7 12. Bd2 e5 13. Nxh5 exd4 14. cxd4
Qb6 15. d5 Bxb4 16. Nf4 Be4 17. dxc6 bxc6 18. Bxb4 Qxb4+ 19. Qd2 a5 20. f3 Bc2
21. Rc1 Ba4 22. Nd3 Qxd2+ 23. Kxd2 Rb8 24. f4 O-O 25. Bf3 Rfc8 26. Rhe1 c5 27.
Re4 Bc6 28. Re7 Bxf3 29. gxf3 Rd8 30. h5 Nb6 31. Rxc5 Nd5 32. Re4 Nb4 33. Re3
Nd5 1/2-1/2

[Event "8. Lovsprings EMT Basis 1 1996"]
[Site "Ringsted"]
[Date "1996.03.29"]
[Round "4"]
[White "Pondal, Jesper"]
[Black "Eckert, Svend"]
[Result "0-1"]
[WhiteElo "1679"]
[BlackElo "1706"]
[PlyCount "120"]
[EventDate "1996.??.??"]

1. d4 Nf6 2. Bg5 e6 3. Nf3 Be7 4. c3 O-O 5. Nbd2 d5 6. e3 Nbd7 7. Bd3 c5 8. O-O
c4 9. Bb1 b5 10. Bxf6 Nxf6 11. e4 dxe4 12. Nxe4 Bb7 13. Re1 a5 14. Nfd2 Bd5 15.
Re3 g6 16. Nxf6+ Bxf6 17. Be4 Ra7 18. Nf3 Rd7 19. Qe1 Bg7 20. g3 Re8 21. Rb1
Rde7 22. Bxd5 Qxd5 23. Rd1 h5 24. Ne5 Kh7 25. f4 f6 26. Nf3 Bh6 27. Qe2 g5 28.
fxg5 Bxg5 29. Nxg5+ Qxg5 30. h4 Qg4 31. Qxg4 hxg4 32. Rf1 Kg6 33. Re4 f5 34.
Re5 b4 35. Rxa5 bxc3 36. bxc3 Rb8 37. Rc5 Ra7 38. Rf2 Rb1+ 39. Kg2 Ra1 40. Rxc4
R1xa2 41. Rc6 Rxf2+ 42. Kxf2 Kf7 43. Rb6 Ra2+ 44. Ke3 Rg2 45. Kf4 Rf2+ 46. Kg5
Rf3 47. Rb7+ Ke8 48. h5 Rxg3 49. h6 Rh3 50. h7 g3 51. Rg7 Rxh7 52. Rg6 Kf7 53.
Rf6+ Kg8 54. Rxe6 Rg7+ 55. Kxf5 g2 56. Re1 g1=Q 57. Rxg1 Rxg1 58. c4 Re1 59. c5
Kf8 60. d5 Ke7 0-1

[Event "8. Lovsprings EMT Basis 1 1996"]
[Site "Ringsted"]
[Date "1996.04.12"]
[Round "5"]
[White "Eckert, Svend"]
[Black "Holst, Peter Stein"]
[Result "1/2-1/2"]
[WhiteElo "1706"]
[BlackElo "1800"]
[PlyCount "40"]
[EventDate "1996.??.??"]

1. f4 d5 2. Nf3 Nf6 3. e3 Bg4 4. Be2 Bxf3 5. Bxf3 Nbd7 6. b3 e5 7. fxe5 Nxe5 8.
O-O c6 9. Bb2 Bd6 10. d3 Qc7 11. Nd2 O-O-O 12. h3 h5 13. a4 Kb8 14. Ba3 g5 15.
Bxd6 Qxd6 16. d4 Ned7 17. e4 dxe4 18. Nxe4 Nxe4 19. Bxe4 Nf6 20. Qd3 Nxe4
1/2-1/2

[Event "8. Lovsprings EMT Basis 1 1996"]
[Site "Ringsted"]
[Date "1996.04.12"]
[Round "5"]
[White "Flindt, Thomas"]
[Black "Christensen, Henrik"]
[Result "1-0"]
[WhiteElo "1875"]
[BlackElo "1840"]
[PlyCount "51"]
[EventDate "1996.??.??"]

1. e4 d5 2. exd5 Qxd5 3. Nc3 Qa5 4. d4 Nf6 5. Nf3 Bf5 6. Bd2 c6 7. Bc4 e6 8.
Nd5 Qd8 9. Nxf6+ gxf6 10. Bf4 Bd6 11. Qd2 Bxf4 12. Qxf4 Bxc2 13. O-O O-O 14.
Rac1 Bg6 15. Rc3 Kh8 16. Nh4 Rg8 17. Rh3 Nd7 18. Re1 Qa5 19. Ree3 Qg5 20. Qc7
Nb6 21. Reg3 Qc1+ 22. Bf1 Nd5 23. Nxg6+ Rxg6 24. Rxh7+ Kxh7 25. Qxf7+ Kh8 26.
Rxg6 1-0